Statistics for States without Reservations

Click here to take the quiz!

General Stats

  • This quiz has been taken 27 times
  • The average score is 11 of 12

Answers on the Map

Answers color-coded by a green-red scale on the quiz's map according to % correct below.
 

Answer Stats

State% Correct
Tennessee
100%
West Virginia
100%
Illinois
93%
Indiana
93%
Kentucky
93%
Ohio
93%
Pennsylvania
93%
Vermont
93%
Arkansas
87%
Maryland
87%
New Hampshire
87%
Missouri
67%

Score Distribution

Percentile by Number Answered

Percent of People with Each Score

Your Score History

You have not taken this quiz